000 01020cam a2200289 i 4500
999 _c22540
_d22540
001 22540
003 Mx-PuUPA
005 20211122142414.0
008 140415s1989 nyu r 000 0 eng d
020 _a0521369592 Teacher's Book
040 _aMx-PuUPA
_bspa
_cMx-PuUPA
_dMx-PuUPA
_erda
041 0 _aeng
100 1 _aJones, Leo,
_d1943-
_eautor
_97976
245 1 0 _aInternational business english :
_bcommunication skills in english for businesspurposes /
_cLeo Jones, Richard Alexander
264 4 _aNew York :
_bCambridge University Press,
_c1989
300 _a313 páginas ;
_c25 cm.
336 _atexto
_2rdacontent
_btxt
337 _asin medio
_2rdamedia
_bn
338 _avolumen
_2rdacarrier
_bnc
500 _aInternational business english : a course in communication skills ; Teacher's book.-- Cubierta
650 4 _aInglés
650 4 _aInglés
_xAdministración
700 1 _aAlexander, Richard,
_eautor
942 _2ddc
_cLI
_h658
_iJ76